000 00728nam a22002297a 4500
001 41051
003 UA-OsUOA
005 20220819142002.0
007 ta
008 20060914b un ||||| |||| 00| 0 ukr d
040 _aUA-OsUOA
_bukr
_cUA-OsUOA
_dUA-OsUOA
041 _aukr
080 _a821.112.2
090 _a821.112.2
_bA36
100 _aФейхтвангер Л.
245 _aУспіх. Три роки з історії однієї провінції
_bроман
_cЛіон Фейхтвангер
260 _aК.
_bДніпро
_c1980
300 _a742 с.
650 7 _a821 Художня література окремими мовами і мовними сім'ями
_2UDC
942 _cBK
_2udc
955 _a3
999 _c327186
_d327186